000
00271nam a2200109Ia 4500
008
200302s9999 xx 000 0 und d
100
_a
Tosi / Kobus & Associates
245
_a
The Master Architect Series
260
_b
Images Publishing
260
_c
2008
300
_a
228 P.,
999
_c
3000
_d
3000